| 000 | 00535nam a2200217Ia 4500 | ||
|---|---|---|---|
| 008 | 170918s9999 xx 000 0 und d | ||
| 020 | _a9780439872485 | ||
| 050 | _bM476 2007 | ||
| 100 | _aMazer, Anne | ||
| 245 | _aSister magic : | ||
| 245 | _bMabel makes the grade / | ||
| 245 | _cAnne Mazer ; illustrated by Bill Brown. | ||
| 260 | _aNew York : | ||
| 260 | _bScholastic, | ||
| 260 | _c2007 | ||
| 300 | _a93 pages : | ||
| 300 | _bcolored illustration ; | ||
| 300 | _c19cm. | ||
| 440 | _aLittle apple. | ||
| 500 | _a370 | ||
| 999 |
_c341285 _d341285 |
||